000 00669cam a22002411p 4500
001 3173333
003 IT-RoPau
005 20220918181311.0
008 790511s1975 it 000 0 ita
010 _a 75547826
015 _aIt75-Sept
020 _cL2500
040 _aDLC
_cDLC
_dDLC
050 0 0 _aBX1751.2
_b.B337
100 1 _aBellegrandi, Franco.
_935187
245 1 3 _aIl portone di piombo /
_cFranco Bellegrandi.
260 _aMilano :
_bSugarCo,
_c[1975]
300 _a196 p. ;
_c21 cm.
490 0 _aFatti e misfatti ; 18
610 2 0 _aCatholic Church
_xDoctrines.
_935188
906 _a7
_bcbc
_corignew
_du
_encip
_f19
_gy-gencatlg
942 _2ddc
_cBK
999 _c108541
_d108541